Princípy fungovania operatívneho kontrolingu v maloobchodnom potravinovom reťazci
Princípy fungovania operatívneho kontrolingu v maloobchodnom potravinovom reťazci majú svoju špecifikáciu. Hlavnou vlastnosťou podľa autorky je tesná naviazanosť troch typov kontrolingu navzájom – pre úspešné zvládanie podpory podnikania a hľadania optimálnej cesty k zvýšeniu zisku a hospodárskemu v...
Salvato in:
| Autore principale: | |
|---|---|
| Natura: | Capitolo di libro |
| Lingua: | slovacco |
| Soggetti: | |
| Tags: |
Nessun Tag, puoi essere il primo ad aggiungerne!!
|
MARC
| LEADER | 00000nla a2200000 4500 | ||
|---|---|---|---|
| 001 | 0195348 | ||
| 005 | 20240502073256.7 | ||
| 041 | 0 | |a slo | |
| 044 | |a SK | ||
| 245 | 1 | 0 | |a Princípy fungovania operatívneho kontrolingu v maloobchodnom potravinovom reťazci |c Elena Dengová |
| 520 | |a Princípy fungovania operatívneho kontrolingu v maloobchodnom potravinovom reťazci majú svoju špecifikáciu. Hlavnou vlastnosťou podľa autorky je tesná naviazanosť troch typov kontrolingu navzájom – pre úspešné zvládanie podpory podnikania a hľadania optimálnej cesty k zvýšeniu zisku a hospodárskemu výsledku, kontroling má sledovať biznis proces komplexne, začínajúc marketingovým prieskumom potenciálnej expanzie, až po konečný predaj tovaru a úhradu záväzkov. | ||
| 610 | 2 | 0 | |a reťazce obchodné |
| 610 | 2 | 0 | |a maloobchod |
| 610 | 2 | 0 | |a potraviny |
| 610 | 2 | 0 | |a kontroling operatívny |
| 100 | 1 | |a Dengová, Elena | |